| 000 | 00478nam a2200193Ia 4500 | ||
|---|---|---|---|
| 008 | 101110s9999 xx 000 0 und d | ||
| 041 | _aMARATHI | ||
| 082 |
_bJR89 _a351-371 |
||
| 100 | _aKshirsagar, Burghates | ||
| 245 | _aChitanisacha Vyavsay Std. 12 | ||
| 365 | _b4.55 | ||
| 520 | _aCommerce | ||
| 546 | _aMARATHI | ||
| 630 | _aChitanisacha Vyavsay Std. 12 | ||
| 650 | _aCommerce | ||
| 655 | _aCommerce | ||
| 730 | _aChitanisacha Vyavsay Std. 12 | ||
| 942 | _cBOOK | ||
| 999 |
_c793383 _d793380 |
||